000 02141cam a22004574i 4500
003 PE-LiUPU
005 20250731173032.0
008 150623s r 000 0 d
020 _a0801063310
035 _a(Sirsi) i9780801063312
040 _aPE-LiUPU
_bspa
_cPE-LiUPU
_erda
049 _aPRUA
082 0 4 _a254.02
_bG23
_221
100 1 _aGangel, Kenneth O.,
_eautor.
245 1 0 _aFeeding & leading /
_cKenneth O. Gangel.
264 1 _aGrand Rapids, MI :
_bBaker Books,
_c1989.
300 _a336 páginas :
_bilustraciones, gráficos ;
_c23 centímetros
336 _atext
_2rdacontent
337 _aunmediated
_2rdamedia
338 _avolume
_2rdacarrier
504 _aIncluye bibliografía.
505 0 _aUnderstanding administrative process. -Functioning as a spiritual leader. -Cultivating a biblical leadership style. -Organizing yourself and your work. -Setting and achieving goals. -Short and long range planing. -Assessing needs, gifts, and call. -Recruiting effective volumteers. -Changing people and things. -Motivating without manipulating. -Delegating your way to survival. -Making good team decisions. -Relating to people in churches and christian organizations. -Communicating, leader to leader. -Working with people in groups. -Training for godliness and competence. -Placing God's servants in God's service. -Chairing business meetings. -Supervising and evaluating volunteers. -Reproducing leaders who reproduce.
526 _aSEG42
526 _aSEG41
526 _aSEG40
526 _aSEG39
526 _aP94
526 _aP87
526 _aP86
526 _aP85
526 _aP77
526 _aP76
526 _aP35
650 0 4 _aAdministración de iglesias
_vGuías.
942 _2ddc
_cBOOK
949 _a254.02 G23
_wDEWEY
_c1
_i48206
_lCCODEBUL1
_mBUL
_r0
_sY
_tBOOK
_u2015-6-24
_xTEOLOGIA
_PP35
_0COMPRA
_o.STAFF. Colección General
994 _aC0
_bPEPRU
596 _a1
999 _a254.02 G23
_wDEWEY
_c25179
_i48206
_f2021-11-10
_g5
_lCCODEBUL1
_mBUL
_r0
_sY
_tBOOK
_u2015-6-24
_xTEOLOGIA
_PP35
_0COMPRA
_o.STAFF. Colección General
_d25179
980 _81
_gALBERTO SANCHEZ Responsable de Automatización